NBA Best Team Records - Statistics

General Stats
  • This quiz has been taken 200 times
  • The average score is 9 of 30
Answer Stats
Season Record Win % Answer % Correct
2015-16 73-9 89% Golden State Warriors
100%
1995-96 72-10 88% Chicago Bulls
97%
1971-72 69-13 84% Los Angeles Lakers
85%
2012-13 66-16 80% Miami Heat
52%
1972-73 68-14 83% Boston Celtics
49%
2015-16 67-15 82% San Antonio Spurs
47%
1966-67 68-13 84% Philadelphia 76ers
46%
2006-07 67-15 82% Dallas Mavericks
36%
2008-09 66-16 80% Cleveland Cavaliers
31%
2021-22 64-18 78% Phoenix Suns
31%
2017-18 65-17 79% Houston Rockets
30%
1970-71 66-16 80% Milwaukee Bucks
28%
1996-97 64-18 78% Utah Jazz
26%
2005-06 64-18 78% Detroit Pistons
21%
1995-96 64-18 78% Oklahoma City Thunder
18%
69-70, 92-93 60-22 73% New York Knicks
17%
2019-20 53-19 74% Toronto Raptors
17%
2001-02 61-21 74% Sacramento Kings
16%
2014-15 60-22 73% Atlanta Hawks
15%
1995-96 60-22 73% Orlando Magic
15%
1990-91 63-19 77% Portland Trail Blazers
15%
2003-04 61-21 74% Indiana Pacers
14%
2020-21 48-24 67% Brooklyn Nets
13%
2013-14 57-25 70% Los Angeles Clippers
13%
12-13, 21-22 56-26 68% Memphis Grizzlies
13%
2003-04 58-24 71% Minnesota Timberwolves
12%
1996-97 54-28 66% Charlotte Hornets
11%
1974-75 60-22 73% Washington Wizards
10%
2012-13 57-25 70% Denver Nuggets
9%
2007-08 56-26 68% New Orleans Pelicans
9%
No matching quizzes found
Score Distribution
Percent of People with Each Score
Percentile by Number Answered
Your Score History
You have not taken this quiz